Chats de fiction - Clic Quiz - Statistiques

Statistiques générales
  • Ce quiz a été pris 292 fois
  • Le résultat moyen est 13 sur 20
Statistiques - réponses
Hint Réponse % Correct

Personnage

Garfield

92%

Personnage

Hello Kitty

91%

Personnage

Le Chat potté

90%

Personnage

Tom

88%

Personnage

Oggy

87%

Personnage

Grosminet

86%

Personnage

Miaouss

81%

Personnage

Azraël

67%

Personnage

Berlioz

66%

Personnage

Chat du Cheshire

65%

Personnage

Flow

65%

Personnage

Félix le Chat

62%

Personnage

Pattenrond

61%

Personnage

Lucifer

58%

Personnage

Salem

57%

Personnage

Oliver

54%

Personnage

Le Chat chapeauté

52%

Personnage

Figaro

51%

Personnage

Madchat

37%

Personnage

Chatran

25%
Aucun quiz correspondant
Distribution des résultats
% des personnes avec chaque résultat
Percentile par nombre de réponses
Votre historique - résultats
Vous n’avez pas pris ce quiz